2014 yerel seçim analizi (Record no. 7830)

MARC details
000 -BAŞLIK
Sabit Uzunlukta Kontrol Alanı 00750na a2200241 4500
001 - KONTROL NUMARASI
Denetim Alanı 15107
003 - KONTROL NUMARASI IDENTIFIER
Denetim Alanı MIRAKIL
005 - SON İŞLEM TARİHİ VE ZAMANI
Denetim Alanı 20181213155150.0
008 - SABİT-BOY VERİ ELEMANLARI - GENEL BİLGİLER
Sabit Uzunlukta Kontrol Alanı 160920b tu 000 0
035 ## - SİSTEM KONTROL NUMARASI
Sistem Kontrol Numarası 15107
040 ## - KATALOGLAMA KAYNAK
Orijinal Kataloglama Ajansı Milas
Kataloglama Dili tur
Metne Dönüştürmek Ajansı TR-AnCHP
082 ## - DEWEY ONLU SINIFLANDIRMA NUMARASI
Sınıflandırma Numarası 324.9561 2014
Ürün Numarası İ45 [2014]
090 ## - SINIFLAMA NUMARASI
Sınıflama Numarası 324.9561 2014 İ45 [2014]
245 ## - BAŞLIK TABLOSU
Başlık 2014 yerel seçim analizi
Sorumluluk Tablosu, Vb hazırlayan Gökçe Fırat Çulhaoğlu
246 ## - UNVAN FORM VARYING
Başlık Doğru / Kısa Başlığı 2014 yerel seçimi
260 ## - YAYIN, DAĞITIM, VB
Yayın, Dağıtım, Vb Yeri [Ankara]
Yayıncı, Dağıtıcı, Vs Adı Türk Solu
Yayın, Dağıtım, Vb Tarihi [2014]
300 ## - FİZİKSEL TANIM
Kapsam 78 s.
Diğer Fiziksel Ayrıntıları tbl. , grf. , hrt.
Boyutlar 30 sm.
650 ## - KONU KATMA GİRİŞ - TOPİKAL DÖNEM
Topikal Süreli Veya Coğrafi Ad Giriş Elemanı Siyasal partiler
Genel Alt Bölümü 2011-2015
Coğrafi Alt Bölümü Türkiye
650 ## - KONU KATMA GİRİŞ - TOPİKAL DÖNEM
Topikal Süreli Veya Coğrafi Ad Giriş Elemanı Yerel seçimler, 2014
Kronolojik Alt Bölümü Raporlar
Coğrafi Alt Bölümü Türkiye
651 ## - KONU KATMA GİRİŞ - COĞRAFİ ADI
Coğrafi İsim Türkiye
Genel Alt Bölümü Siyaset ve yönetim
Kronolojik Alt Bölümü 2002-
700 ## - KATMA GİRİŞ - KİŞİSEL İSİM
Kişisel Ad Taştan, Nejat
942 ## - EKLENDİ GİRİŞ ELEMANLARI (KOHA)
Sınıflandırma Veya Raf Düzeni Kaynak Dewey Decimal Classification
Koha Öğesi Türü Books
999 ## - SİSTEM KONTROL NUMARALARI (KOHA)
Koha Biblionumber 7830
Koha Biblioitemnumber 7830
Holdings
Kalıcı Konum Mevcut Konum Edinme Tarihi Edinim Kaynak Toplam Check-Out'Lar Tam Çağrı Numarası Barkod Tarih Son Görülme İtibaren Geçerli Fiyatlar Koha Öğesi Türü
CHP Kütüphanesi CHP Kütüphanesi 09/03/2016 Bağış   324.9561 2014 İ45 [2014] 003770 09/03/2016 09/03/2016 Books